000 00311nam a2200121Ia 4500
005 20251222143217.0
008 251222s9999||||xx |||||||||||||| ||spa||
082 _a370.9/B25/Ej.2
100 _aBarriga Hernández, Carlos
245 0 _aHistoria de la Educación
264 _bFondo Editorial UNMSM
942 _cLIB
999 _c13679
_d13679